The Laws of the Republic of Namibia 2011 (Record no. 2873)
[ view plain ]
| 000 -LEADER | |
|---|---|
| fixed length control field | 00392nam a22001457a 4500 |
| 005 - DATE AND TIME OF INPUT | |
| control field | 20240827141719.0 |
| 008 - DATA ELEMENTS--GENERAL INFORMATION | |
| fixed length control field | 240827b |||||||| |||| 00| 0 eng d |
| 041 ## - LANGUAGE CODE | |
| Language code of text | English |
| 082 ## - SHELF NUMBER | |
| DDC number | 349 LAW |
| 100 ## - MAIN AUTHOR | |
| Language of a work | English |
| 245 ## - TITLE STATEMENT | |
| Title | The Laws of the Republic of Namibia 2011 |
| 300 ## - PHYSICAL DESCRIPTION | |
| Other physical details | 16 pages; |
| Dimensions | 30 cm. |
| 650 ## - SUBJECT` | |
| Broad subject | Legal practice |
| Own subject terms | Law |
| 942 ## - ADDED ENTRY ELEMENTS (KOHA) | |
| Item type | Books |
| 942 ## - ADDED ENTRY ELEMENTS (KOHA) | |
| -- | ALISON_BN_VRIES |
| Source of classification or shelving scheme | Not for loan | Home library | Current library | Shelving location | Date acquired | Full call number | Barcode | Price effective from | Koha item type |
|---|---|---|---|---|---|---|---|---|---|
| Dewey Decimal Classification | LAW SOCIETY OF NAMIBIA LIBRARY - WINDHOEK | LAW SOCIETY OF NAMIBIA LIBRARY - WINDHOEK | The laws of the Republic of Namibia (Namibia statutes) | 08/27/2024 | 349 LAW | LSN/2023/4083 | 08/27/2024 | Books |
